[Event "Centrocoop June op-B"]
[Site "Eforie Nord"]
[Date "1998.??.??"]
[Round "?"]
[White "Gileva, Irina"]
[Black "Rusov, Roman"]
[Result "1/2-1/2"]
[WhiteElo "2145"]
[BlackElo "1650"]
[PlyCount "116"]
[EventDate "1998.06.??"]
[EventType "swiss"]
[EventRounds "11"]
[EventCountry "ROU"]
[SourceTitle "EXT 2000"]
[Source "ChessBase"]
[SourceDate "1999.11.16"]
[SourceVersion "1"]
[SourceVersionDate "1999.11.16"]
[SourceQuality "1"]

1. e4 c6 2. d4 d5 3. exd5 cxd5 4. c4 Nf6 5. Nc3 Nc6 6. c5 Bf5 7. Nf3 e6 8. Be2 Be7 9. a3 0-0 10. b4 a6 11. 0-0 h6 12. h3 g5 13. Bd3 Ne4 14. Qc2 Bf6 15. Be3 Nxc3 16. Qxc3 Bxd3 17. Qxd3 Bg7 18. Bd2 Qf6 19. Bc3 Rfb8 20. a4 Qd8 21. Rfe1 Ne7 22. b5 Ng6 23. Bd2 Rc8 24. Rab1 e5 25. Nxe5 Nxe5 26. dxe5 Rxc5 27. Bb4 Rc4 28. Bd6 Rxa4 29. Qxd5 axb5 30. Qxb7 g4 31. hxg4 Rxg4 32. Rxb5 Rg6 33. Reb1 Ra5 34. Qd5 Rxb5 35. Rxb5 Qg5 36. g3 Re6 37. Qe4 Qg6 38. Qxg6 fxg6 39. f4 h5 40. Rb8+ Kf7 41. Rb7+ Kg8 42. Re7 Rxe7 43. Bxe7 Kf7 44. Bb4 Ke6 45. Kf2 Kf5 46. Kf3 Bh6 47. Be7 Ke6 48. Bh4 Bf8 49. g4 hxg4+ 50. Kxg4 Bb4 51. Bd8 Bc3 52. Bc7 Bd2 53. Kg5 Be3 54. Kg4 Bd2 55. Kf3 g5 56. fxg5 Bxg5 57. Ke4 Bf6 58. exf6 Kxf6 1/2-1/2

[Event "Centrocoop June op-B"]
[Site "Eforie Nord"]
[Date "1998.??.??"]
[Round "?"]
[White "Murg, Gheorghe"]
[Black "Gileva, Irina"]
[Result "0-1"]
[WhiteElo "1675"]
[BlackElo "2145"]
[PlyCount "84"]
[EventDate "1998.06.??"]
[EventType "swiss"]
[EventRounds "11"]
[EventCountry "ROU"]
[SourceTitle "EXT 2000"]
[Source "ChessBase"]
[SourceDate "1999.11.16"]
[SourceVersion "1"]
[SourceVersionDate "1999.11.16"]
[SourceQuality "1"]

1. e4 e5 2. Nf3 Nf6 3. d3 Nc6 4. Be3 d5 5. exd5 Nxd5 6. Be2 Nxe3 7. fxe3 Bc5 8. Qd2 Be6 9. e4 f6 10. Nc3 Nd4 11. Na4 Be7 12. b3 Qd7 13. 0-0 0-0-0 14. Kh1 Nxf3 15. Bxf3 g5 16. Qf2 Kb8 17. Nc3 h5 18. Be2 g4 19. Nd5 Bxd5 20. exd5 Qxd5 21. c4 Qc6 22. Qf5 Rdg8 23. a4 Rg5 24. Qe4 Qe6 25. d4 Re8 26. d5 Qd7 27. Bd3 c6 28. dxc6 Qxc6 29. Qxc6 bxc6 30. Be4 Kc7 31. b4 Rd8 32. Rae1 Rd2 33. c5 Ra2 34. Re3 Rg8 35. Rg1 Rf2 36. Bd3 Rd8 37. Bg6 h4 38. Bd3 Bf8 39. Be2 Rd4 40. Rf1 Rxf1+ 41. Bxf1 a5 42. Rb3 axb4 0-1